| 000 | 00545nam a2200193Ia 4500 | ||
|---|---|---|---|
| 999 |
_c15073 _d15073 |
||
| 003 | OSt | ||
| 005 | 20201113143839.0 | ||
| 008 | 190216s9999||||xx |||||||||||||| ||und|| | ||
| 020 | _a81834800052 | ||
| 040 | _coclc | ||
| 082 |
_a428 _bSIN/O |
||
| 100 |
_aSingh, Ashok Kumar _96475 |
||
| 245 | 0 |
_aOne Word Substitution / _cAshok Kumar Singh |
|
| 250 | _a1st Ed. | ||
| 260 |
_bArihant Publications (india ) Limited, _c2000. _aMeerut: |
||
| 300 | _a78p | ||
| 650 | _aEnglish | ||
| 942 |
_cBK _2ddc _h428 _iSIN/O _k428 _mSIN/O |
||